Historia y análisis político del lesbianismo : la liberación de una generación /

Estudio que presenta por un lado, el recorrido histórico acerca de las manifestaciones lésbicas que se han dado en diversas culturas y las reacciones sociales ante las mismas, y por otro, un análisis que permita desvelar el discurso lesbofóbico que se ha construido en torno a las prácticas homosexua...

Бүрэн тодорхойлолт

-д хадгалсан:
Номзүйн дэлгэрэнгүй
Үндсэн зохиолч: Gimeno Reinoso, Beatriz (autor)
Формат: Ном
Хэл сонгох:испани
Хэвлэсэн: Barcelona, España : Gedisa, 2005, c2005
Цуврал:(Libertad y Cambio Gedisa)
Нөхцлүүд:
Шошгууд: Шошго нэмэх

MARC

LEADER 00000nam^a2200000^a^4500
001 000189895
005 20250521000000.0
009 20260310102429.366
020 |a 84-9784-103-4 
037 |a Acervo ITESO - Biblioteca 
041 |a ESP 
082 |a 305. 31422  |b GIM 
100 |a Gimeno Reinoso, Beatriz  |e (autor) 
245 1 0 |a Historia y análisis político del lesbianismo :  |b la liberación de una generación /  |c B. Gimeno Reinoso ; pról. de Gloria Careaga. 
264 4 |a Barcelona, España :  |b Gedisa,  |c 2005, c2005 
300 |a 356 p. 
336 |a texto  |b txt  |2 rdacontenido 
337 |a sin mediación  |b n  |2 rdamedio 
338 |a volumen  |b nc  |2 rdasoporte 
440 1 |a (Libertad y Cambio Gedisa) 
520 |a Estudio que presenta por un lado, el recorrido histórico acerca de las manifestaciones lésbicas que se han dado en diversas culturas y las reacciones sociales ante las mismas, y por otro, un análisis que permita desvelar el discurso lesbofóbico que se ha construido en torno a las prácticas homosexuales de mujeres en su intento por asumir su identidad sexual en libertad. 
649 |a XX 
650 |a Mujeres -  |x Condiciones Sociales y Culturales 
650 |a Homosexualidad -  |x Aspectos Sociales y Culturales -  |x Tema Principal 
650 |a Homosexualidad -  |x Historia 
650 |a Roles de Género 
650 |a Discriminación de Género 
650 |a Prácticas Sexuales 
650 |a Feminismo 
650 |a Género 
650 |a Sexualidad 
650 |a Psicología 
650 |a Sociología 
910 |a Fondo General 
920 |a Impresos - Libros 
930 |a Colección General 
905 |a 101 
901 |a 0500133241  |b IT1  |c ACC  |u 20250521 
901 |a 0500181180  |b IT1  |c ACC  |i C121190  |u 20250521 
902 |a https://opac.biblio.iteso.mx/vufind/Record/000189895